Messenger inquirer
| Previous Title: | Owensboro messenger (1919) Owensboro inquirer |
|---|---|
| Format: | Electronic Newspaper |
| Language: | English |
| Published: |
Owensboro, Ky. :
[s.n.],
1954-
|
| Subjects: | |
| Online Access: | Full text available from Research Library: 12/18/1991 to 05/19/1992 Full text available from Research Library: 01/04/1997 to 08/13/1997 |
MARC
| LEADER | 00000nas a2200000 a 4500 | ||
|---|---|---|---|
| 001 | ssj0015374 | ||
| 003 | WaSeSS | ||
| 005 | 20200512172242.0 | ||
| 006 | m d | ||
| 007 | cr n | ||
| 008 | 860731c19549999kyudr nes 0 0eng d | ||
| 010 | |a sn 86069352 | ||
| 032 | |a 341680 |b USPS | ||
| 035 | |a (WaSeSS)ssj0015374 | ||
| 040 | |a KyU |c KyU |d DLC |d OCoLC |d DLC |d WaSeSS | ||
| 042 | |a msc | ||
| 043 | |a n-us-ky | ||
| 245 | 0 | 0 | |a Messenger inquirer |h [electronic resource]. |
| 246 | 1 | 3 | |a Owensboro messenger-inquirer |f <July 1, 1997-> |
| 246 | 3 | |a Owensboro messenger inquirer | |
| 246 | 3 | 0 | |a Messenger-inquirer |
| 246 | 1 | 7 | |a Messenger and inquirer |
| 260 | |a Owensboro, Ky. : |b [s.n.], |c 1954- | ||
| 310 | |a Daily | ||
| 362 | 0 | |a No. 285 (Dec. 5, 1954)- | |
| 500 | |a Title varies slightly. | ||
| 500 | |a At head of title: Owensboro, <July 1, 1997->. | ||
| 500 | |a Publisher: Owensboro Messenger-Inquirer, <July 1, 1997->. | ||
| 506 | |a License restrictions may limit access. | ||
| 515 | |a Designation Vol. is added with issue for <July 1, 1997->. | ||
| 580 | |a Merger of: Owensboro messenger (1919), and: Owensboro inquirer. | ||
| 651 | 0 | |a Daviess County (Ky.) |v Newspapers. | |
| 651 | 0 | |a Owensboro (Ky.) |v Newspapers. | |
| 655 | 0 | |a Electronic journals. | |
| 752 | |a United States |b Kentucky |c Daviess |d Owensboro. | ||
| 780 | 1 | 4 | |t Owensboro messenger (1919) |w (DLC)sn 86069345 |w (OCoLC)13983969 |
| 780 | 1 | 4 | |t Owensboro inquirer |w (DLC)sn 82014649 |w (OCoLC)8801446 |
| 856 | 4 | 0 | |z Full text available from Research Library: 12/18/1991 to 05/19/1992 |u https://search.proquest.com/publication/46200 |
| 856 | 4 | 0 | |z Full text available from Research Library: 01/04/1997 to 08/13/1997 |u https://search.proquest.com/publication/46200 |